Súčasti individuálnej účtovnej závierky podnikateľských subjektov podľa slovenskej právnej úpravy a podľa IFRS diplomová práca

Saved in:
Bibliographic Details
Main Author: Ungvarská, Ingrid
Corporate Author: Podnikovohospodárska fakulta EU so sídlom v Košiciach. Katedra finančného riadenia podniku
Other Authors: Manová, Eva, 1957-
Format: Book
Language:Slovak
Published: Košice 2019
Tags: Add Tag
No Tags, Be the first to tag this record!

MARC

LEADER 00000nbm a2200000 4500
001 0254745
005 20190918150139.9
041 0 |a slo 
044 |a SK 
245 1 0 |a Súčasti individuálnej účtovnej závierky podnikateľských subjektov podľa slovenskej právnej úpravy a podľa IFRS  |b diplomová práca  |c Ingrid Ungvarská ; školiteľ: Eva Manová 
264 1 |a Košice  |c 2019 
300 |a 70 s. 
100 1 |a Ungvarská, Ingrid 
700 1 |a Manová, Eva, 1957- 
710 2 |a Podnikovohospodárska fakulta EU so sídlom v Košiciach. Katedra finančného riadenia podniku